Hai giờ nghỉ trưa

保存先:
書誌詳細
第一著者: Konsalik, G
フォーマット: 図書
言語:Undetermined
出版事項: Hà Nội Văn Hóa Thông Tin 2001
主題:
タグ: タグ追加
タグなし, このレコードへの初めてのタグを付けませんか!
Thư viện lưu trữ: Trung tâm Học liệu Trường Đại học Cần Thơ
LEADER 00525nam a2200181Ia 4500
001 CTU_226509
008 210402s9999 xx 000 0 und d
082 |a 833 
082 |b K82 
100 |a Konsalik, G 
245 0 |a Hai giờ nghỉ trưa 
245 0 |c G. Konsalik ; Hoài Hương (dịch) 
260 |a Hà Nội 
260 |b Văn Hóa Thông Tin 
260 |c 2001 
650 |a German fiction,Tiểu thuyết Đức 
910 |b vtbtruc 
980 |a Trung tâm Học liệu Trường Đại học Cần Thơ